Cuba : (Record no. 20586)
[ view plain ]
| 000 -CABECERA | |
|---|---|
| campo de control de longitud fija | 00653nam a2200205 a 4500 |
| 001 - NÚMERO DE CONTROL | |
| campo de control | 000021084 |
| 005 - FECHA Y HORA DE LA ÚLTIMA TRANSACCIÓN | |
| campo de control | 20200930011230.0 |
| 008 - DATOS DE LONGITUD FIJA--INFORMACIÓN GENERAL | |
| campo de control de longitud fija | 100830s1991 cu a 000 0 spa |
| 040 ## - FUENTE DE LA CATALOGACIÓN | |
| Centro catalogador/agencia de origen | DO-SdBNP |
| Lengua de catalogación | spa |
| Centro/agencia transcriptor | BNPHU |
| 082 ## - NÚMERO DE LA CLASIFICACIÓN DECIMAL DEWEY | |
| Número de clasificación | 638.1 |
| Número de documento/Ítem | W499c |
| 049 ## - FONDOS LOCALES (OCLC) | |
| Fondos de biblioteca | BNGR |
| 100 1# - ENTRADA PRINCIPAL--NOMBRE DE PERSONA | |
| Nombre de persona | Werthein, Israel. |
| 9 (RLIN) | 44093 |
| 245 10 - MENCIÓN DE TÍTULO | |
| Título | Cuba : |
| Resto del título | paraíso de las abejas, cartas a mi nieto / |
| Mención de responsabilidad, etc. | Israel Werthein; edición Guadalupe Hechavarría R. |
| 260 ## - PUBLICACIÓN, DISTRIBUCIÓN, ETC. | |
| Lugar de publicación, distribución, etc. | Santiago de Cuba : |
| Nombre del editor, distribuidor, etc. | Oriente, |
| Fecha de publicación, distribución, etc. | 1991. |
| 300 ## - DESCRIPCIÓN FÍSICA | |
| Extensión | 174 p. : |
| Otras características físicas | il. ; |
| Dimensiones | 18 cm. |
| 650 #4 - PUNTO DE ACCESO ADICIONAL DE MATERIA--TÉRMINO DE MATERIA | |
| Término de materia o nombre geográfico como elemento de entrada | Apicultura |
| 9 (RLIN) | 27706 |
| 650 #4 - PUNTO DE ACCESO ADICIONAL DE MATERIA--TÉRMINO DE MATERIA | |
| Término de materia o nombre geográfico como elemento de entrada | Colmenas |
| 9 (RLIN) | 44094 |
| 650 #4 - PUNTO DE ACCESO ADICIONAL DE MATERIA--TÉRMINO DE MATERIA | |
| Término de materia o nombre geográfico como elemento de entrada | Apiarios |
| 9 (RLIN) | 44095 |
| 700 1# - PUNTO DE ACCESO ADICIONAL--NOMBRE DE PERSONA | |
| Nombre de persona | Hechavarría R., Guadalupe |
| Término indicativo de función/relación | ed. |
| 9 (RLIN) | 44096 |
| Estado de retiro | Estado de pérdida | Restricciones de uso | No para préstamo | Código de colección | Localización permanente | Ubicación/localización actual | Ubicación en estantería | Fecha de adquisición | Número de inventario | Total de préstamos | Signatura topográfica completa | Código de barras | Fecha visto por última vez | Precio válido a partir de | Tipo de ítem Koha |
|---|---|---|---|---|---|---|---|---|---|---|---|---|---|---|---|
| Monografías: Libros y Folletos | General | General | En catalogación | 30.08.2010 | LF1 | 638.1 W499c | 21084-10 | 25.06.2020 | 25.06.2020 | Préstamo en sala |
